Excelent Etiraj of Erode Sri Sri 1008 Sri Sudhindhi Tirtha Maharaj / (Record no. 5356)

MARC details
000 -LEADER
fixed length control field 00524 a2200157 4500
010 ## - LCCN (DPL NO)
LC control number ENG-86829
020 ## - INTERNATIONAL STANDARD BOOK NUMBER
Terms of availability 70.00
035 ## - SYSTEM CONTROL NUMBER
System control number EN-70362
037 ## - SOURCE OF ACQUISITION
Source of stock number/acquisition DBAD / PUB
082 14 - DEWEY DECIMAL CLASSIFICATION NUMBER
Classification number 230.35
100 1# - MAIN ENTRY--PERSONAL NAME
Personal name Raghavendran, Tamraparni Subbachar
245 1# - TITLE STATEMENT
Title Excelent Etiraj of Erode Sri Sri 1008 Sri Sudhindhi Tirtha Maharaj /
Statement of responsibility, etc by Tamraparni Subbachar Raghavendran
260 ## - PUBLICATION, DISTRIBUTION, ETC. (IMPRINT)
Place of publication, distribution, etc Tiruchanur
Name of publisher, distributor, etc Sri Madhva Siddhanta Onnahini Sabha
Date of publication, distribution, etc 2006
300 ## - PHYSICAL DESCRIPTION
Extent xxiv, 168 p
Dimensions 22 cm (Pbk)
942 ## - ADDED ENTRY ELEMENTS (KOHA)
Institution code [OBSOLETE] dpl
Item type English Books
Source of classification or shelving scheme Dewey Decimal Classification
Classification part 230.35
Call number suffix RAG
Holdings
Withdrawn status Lost status Not for loan Collection code Home library Current library Source of acquisition Cost, normal purchase price Full call number Barcode Copy number Cost, replacement price Koha item type
    Not For Loan Non-fiction D.B.Act.Division D.B.Act.Division DBAD/PUB 70.00 230.35 RAG EN-70362 1 70.00 English Books

© Delhi Public Library
Hit Counter
free hit counter